Improving leadership in nonprofit organizations / (Record no. 10370)
[ view plain ]
| 000 -LEADER | |
|---|---|
| fixed length control field | 01835cac a22004095a 4500 |
| 001 - CONTROL NUMBER | |
| control field | 13380555 |
| 005 - DATE AND TIME OF LATEST TRANSACTION | |
| control field | 20201128013456.0 |
| 008 - FIXED-LENGTH DATA ELEMENTS--GENERAL INFORMATION | |
| fixed length control field | 031022t2004 caua frb 101 0 eng d |
| 010 ## - LIBRARY OF CONGRESS CONTROL NUMBER | |
| LC control number | 2003023182 |
| 020 ## - INTERNATIONAL STANDARD BOOK NUMBER | |
| International Standard Book Number | 0787968307 (alk. paper) |
| 020 ## - INTERNATIONAL STANDARD BOOK NUMBER | |
| International Standard Book Number | 9780787968304 |
| 040 ## - CATALOGING SOURCE | |
| Original cataloging agency | EG-ScBUE |
| Language of cataloging | eng |
| Transcribing agency | EG-ScBUE |
| 042 ## - AUTHENTICATION CODE | |
| Authentication code | pcc |
| 050 00 - LIBRARY OF CONGRESS CALL NUMBER | |
| Classification number | HD57.7 |
| Item number | .K733 2002 |
| 082 04 - DEWEY DECIMAL CLASSIFICATION NUMBER | |
| Classification number | 658.4092 |
| Edition number | 22 |
| Item number | IMP |
| 111 2# - MAIN ENTRY--MEETING NAME | |
| Meeting name or jurisdiction name as entry element | Kravis-deRoulet Leadership Conference |
| Number of part/section/meeting | (12th : |
| Date of meeting | 2002 : |
| Location of meeting | Claremont McKenna College) |
| 245 00 - TITLE STATEMENT | |
| Title | Improving leadership in nonprofit organizations / |
| Statement of responsibility, etc | edited by Ronald E. Riggio, Sarah Smith Orr ; foreword by Jack Shakely. |
| 260 ## - PUBLICATION, DISTRIBUTION, ETC. (IMPRINT) | |
| Place of publication, distribution, etc | San Francisco, California : |
| Name of publisher, distributor, etc | Jossey-Bass, |
| Date of publication, distribution, etc | c.2004. |
| 300 ## - PHYSICAL DESCRIPTION | |
| Extent | xxx, 290 p. : |
| Other physical details | ill., tables ; |
| Dimensions | 25 cm. |
| 500 ## - GENERAL NOTE | |
| General note | "Two-day conference, the 12th annual Kravis-de Roulet Leadership Conference, held at Claremont McKenna College on February 22-23, 2002"--Preface. |
| 500 ## - GENERAL NOTE | |
| General note | Include indexes. |
| 504 ## - BIBLIOGRAPHY, ETC. NOTE | |
| Bibliography, etc | Include bibliographical references. |
| 590 ## - LOCAL NOTE (RLIN) | |
| Local note | yassmeen ashraf |
| 650 #0 - SUBJECT ADDED ENTRY--TOPICAL TERM | |
| Topical term or geographic name as entry element | Leadership |
| Form subdivision | Congresses. |
| Source of heading or term | BUEsh |
| 650 #0 - SUBJECT ADDED ENTRY--TOPICAL TERM | |
| Topical term or geographic name as entry element | Nonprofit organizations |
| Form subdivision | Congresses. |
| Source of heading or term | BUEsh |
| 651 ## - SUBJECT ADDED ENTRY--GEOGRAPHIC NAME | |
| Source of heading or term | BUEsh |
| 653 ## - INDEX TERM--UNCONTROLLED | |
| Resource For college | BAEPS, Business Administration |
| Arrived date list | August2015 |
| 655 ## - INDEX TERM--GENRE/FORM | |
| Form subdivision | |
| -- | 34232 |
| 700 1# - ADDED ENTRY--PERSONAL NAME | |
| Personal name | Riggio, Ronald E., |
| Relator term | editor. |
| 700 1# - ADDED ENTRY--PERSONAL NAME | |
| Personal name | Orr, Sarah Smith, |
| Dates associated with a name | 1942- |
| Relator term | editor. |
| 700 1# - ADDED ENTRY--PERSONAL NAME | |
| Personal name | Shakely, Jack, |
| 9 (RLIN) | 1831 |
| Relator term | editor. |
| 856 42 - ELECTRONIC LOCATION AND ACCESS | |
| Materials specified | Contributor biographical information |
| Uniform Resource Identifier | <a href="http://www.loc.gov/catdir/bios/wiley046/2003023182.html">http://www.loc.gov/catdir/bios/wiley046/2003023182.html</a> |
| 856 42 - ELECTRONIC LOCATION AND ACCESS | |
| Materials specified | Publisher description |
| Uniform Resource Identifier | <a href="http://www.loc.gov/catdir/description/wiley041/2003023182.html">http://www.loc.gov/catdir/description/wiley041/2003023182.html</a> |
| 856 41 - ELECTRONIC LOCATION AND ACCESS | |
| Materials specified | Table of contents |
| Uniform Resource Identifier | <a href="http://www.loc.gov/catdir/toc/ecip0410/2003023182.html">http://www.loc.gov/catdir/toc/ecip0410/2003023182.html</a> |
| 942 ## - ADDED ENTRY ELEMENTS (KOHA) | |
| Source of classification or shelving scheme | Dewey Decimal Classification |
| Item type | Book - Borrowing |
| Withdrawn status | Item status | Source of classification or shelving scheme | Damaged status | Not for loan | Vendor | Home library | Current library | Shelving location | Date acquired | Source of acquisition | Cost, normal purchase price | Serial Enumeration / chronology | Total Checkouts | Total Renewals | Full call number | Barcode | Date last seen | Date last borrowed | Koha item type |
|---|---|---|---|---|---|---|---|---|---|---|---|---|---|---|---|---|---|---|---|
| Dewey Decimal Classification | Alahram | Central Library | Central Library | First floor | 22/01/2009 | 425.00 | 6400 | 3 | 11 | 658.4092 IMP | 000015043 | 15/07/2025 | 21/02/2016 | Book - Borrowing |